Nájomná zmluva na 99 rokov

Informácia o uzatvorení nájomných zmlúv na dobu určitú, ale na veľmi dlhú dobu presahujúcu dĺžku života jedinca - 99 rokov. Skutočným zámerom zmluvných strán je vytvorenie "monopolného postavenia" nájomcu, ktorý je uzatvorením takejto zmluvy dostatočné chránený pred vypovedaním zmluvy na "dobu určit...

Ausführliche Beschreibung

Gespeichert in:
Bibliographische Detailangaben
1. Verfasser: Tekeli, Jozef
Format: Buchkapitel
Sprache:Slowakisch
Schlagworte:
Tags: Tag hinzufügen
Keine Tags, Fügen Sie das erste Tag hinzu!

MARC

LEADER 00000naa a2200000 4500
001 0282530
005 20240417075157.9
041 0 |a slo 
044 |a SK 
245 1 0 |a Nájomná zmluva na 99 rokov  |c Jozef Tekeli 
520 |a Informácia o uzatvorení nájomných zmlúv na dobu určitú, ale na veľmi dlhú dobu presahujúcu dĺžku života jedinca - 99 rokov. Skutočným zámerom zmluvných strán je vytvorenie "monopolného postavenia" nájomcu, ktorý je uzatvorením takejto zmluvy dostatočné chránený pred vypovedaním zmluvy na "dobu určitú". Čo hovorí právna prax. Vypovedateľnosť zmluvy. 
610 2 0 |a obce 
610 2 0 |a zmluvy nájomné 
610 2 0 |a nájomcovia 
610 2 0 |a úpravy právne 
610 2 0 |a právo správne 
100 1 |a Tekeli, Jozef